Schaum's outline of theory and problems of vector analysis and an introduction to tensor analysis (Record no. 20509)

000 -LEADER
fixed length control field 00588nam a22002051 4500
001 - CONTROL NUMBER
control field 20509
003 - CONTROL NUMBER IDENTIFIER
control field BD-DhUET
008 - FIXED-LENGTH DATA ELEMENTS--GENERAL INFORMATION
fixed length control field 720420s1981 nyua 000 0 eng
020 ## - INTERNATIONAL STANDARD BOOK NUMBER
International Standard Book Number 0070990093
040 ## - CATALOGING SOURCE
Original cataloging agency DLC
Transcribing agency DLC
Modifying agency BD-DhUET
082 00 - DEWEY DECIMAL CLASSIFICATION NUMBER
Classification number 516.83
Item number SPI/1981
100 1# - MAIN ENTRY--PERSONAL NAME
Personal name Spiegel, Murray R.
245 00 - TITLE STATEMENT
Title Schaum's outline of theory and problems of vector analysis and an introduction to tensor analysis
250 ## - EDITION STATEMENT
Edition statement 1st ed.
260 ## - PUBLICATION, DISTRIBUTION, ETC. (IMPRINT)
Place of publication, distribution, etc. New York
Name of publisher, distributor, etc. McGraw Hill
Date of publication, distribution, etc. 1981
300 ## - PHYSICAL DESCRIPTION
Extent 225 p.
Other physical details ill.
Dimensions 28 cm.
490 0# - SERIES STATEMENT
Series statement Schaum's outline series
650 #0 - SUBJECT ADDED ENTRY--TOPICAL TERM
Topical term or geographic name as entry element Vector analysis
942 ## - ADDED ENTRY ELEMENTS (KOHA)
Koha item type General Book
Holdings
Koha full call number Date acquired Copy number Sublocation or collection (holding branch) Withdrawn status Lost status Location (home branch) Damaged status Koha normalized classification for sorting Koha date last seen Piece designation (barcode) Not for loan Shelving location Koha item type Price effective from Source of classification or shelving scheme
516.83/SPI/19812015-04-111Central Library, BUET  Central Library, BUET 516_830000000000000_SPI_19812015-04-1167638 Circulation sectionGeneral Book2015-04-11